Introduction to Probability Models

Guardado en:
Detalles Bibliográficos
Autor principal: Ross, Sheldon M (Autor)
Formato: Libro
Lenguaje:inglés
Publicado: San Diego : Academic Press, 2003
Etiquetas: Agregar Etiqueta
Sin Etiquetas, Sea el primero en etiquetar este registro!

MARC

LEADER 00000nam a22000003a 4500
001 stu263142
005 20150617230222.4
008 130227s--------xxu-----------------eng-d
020 |a 0-12-598061-2 
040 |a STU  |b slo 
041 0 |a eng 
044 |a xxu 
100 1 |a Ross, Sheldon M  |4 aut 
245 1 |a Introduction to Probability Models 
260 |a San Diego :  |b Academic Press,  |c 2003 
300 |a 755 s 
996 |c I*8M5480  |l I  |s A  |a 24  |w stu263142_0001